000 00625nam a2200193 i 4500
001 93063
003 ES-MaACL
005 20230906181123.0
007 t|
008 050407s1960 sp ||||1| spa d
100 1 _aLoewenfisch, G.
_973109
245 1 0 _aTeoría de finales de torre... /
_cG. Löwenfisch; [traducción y revisión técnica por Pedro Cherta Clos].
260 _aBarcelona :
_bGrijalbo,
_c1960.
300 _a196 p. :
_bil. ;
_c20 cm.
500 _aPrecede al tít.: G. Löwenfisch, W. Smyslow.
600 1 4 _aSmyslow, W.
_9106949
700 1 _aCherta, Pedro.
_938377
852 _aES-MaACL
_jC-17979
_bR.45856
999 _c93063
_d93063